Statistics for Chemical Elements With Something Hidden In Them

Click here to take the quiz!

General Stats

  • This quiz has been taken 21 times
    (12 since last reset)
  • The average score is 6 of 16

Answer Stats

HintElement% Correct
Opposite of younggOLD
75%
"Superbad" actor SethhydROGEN / nitROGEN
75%
Japanese graphic novelMANGAnese
67%
Sport played on horseback or in the poolPOLOnium
67%
Castrated bull used as a draft animalOXygen
50%
Pumbaa's meerkat friendanTIMONy
42%
Southern Italy port on the AdriaticBARIum
33%
Falcon-headed god, son of Isis and OsirisphospHORUS
33%
Russian news agencypoTASSium
33%
Book of the BibleRUTHenium / RUTHerfordium
33%
38th U.S. PresidentrutherFORDium
33%
Another ElementacTINium / plaTINum
25%
12th Greek letterbisMUth
8%
17th Greek letterRHOdium
8%
1982 film with Jeff Bridges trapped in a video gamesTRONtium
8%
They want to assimilate us. "Resistance is futile."seaBORGium
0%

Score Distribution

Percentile by Number Answered

Percent of People with Each Score

Your Score History

You have not taken this quiz since the last reset